All I Need - Radiohead [lyrics] - Statistics

General Stats
  • This quiz has been taken 160 times
  • The average score is 100 of 128
Answer Stats
Answer % Correct
a
100%
I
100%
all
99%
you
99%
You
99%
need
97%
your
97%
I'm
93%
in
93%
the
93%
are
86%
You're
86%
an
83%
of
83%
middle
82%
picture
81%
animal
76%
to
76%
am
73%
Trapped
71%
It's
70%
Lying
70%
Waiting
70%
ignore
65%
next
64%
That
64%
car
63%
choose
62%
wrong
62%
days
61%
hot
61%
right
61%
just
60%
Trying
57%
reeds
56%
get
54%
insect
54%
light
53%
out
53%
wants
52%
Who
52%
no
51%
Because
50%
share
50%
with
49%
moth
48%
others
47%
there
45%
act
44%
stick
44%
night
42%
wings
41%
only
35%
No matching quizzes found
Score Distribution
Percent of People with Each Score
Percentile by Number Answered
Your Score History
You have not taken this quiz